| 000 | 01979nam a2200421 c 4500 | ||
|---|---|---|---|
| 001 | 58521 | ||
| 003 | CO-BoRNBP | ||
| 005 | 20250825212950.0 | ||
| 007 | ta | ||
| 008 | 121119s2011 ck a br 000 p spa d | ||
| 020 | _a9789583004742 | ||
| 040 |
_aCO-BoRNBP _bspa _erda _cCO-BoRNBP |
||
| 041 | 0 | _aspa | |
| 043 | _as-ck--- | ||
| 084 | _aP | ||
| 245 | 0 | 3 |
_aEl libro de Antón Pirulero / _cselección y prólogo Sergio Adricaín, Antonio Orlando Rodríguez ; ilustraciones Ivar Da Coll. |
| 250 | _aEdición especial para el Ministerio de Cultura | ||
| 264 | 1 |
_aBogotá, Colombia : _bPanamericana Editorial, _c2011 |
|
| 300 |
_a70 páginas : _bilustraciones a color |
||
| 336 |
_atexto _btxt _2rdacontent |
||
| 337 |
_asin mediación _bn _2rdamedia |
||
| 338 |
_avolumen _bnc _2rdacarrier |
||
| 490 | 0 | _aLeer es mi cuento | |
| 490 | 0 | _aQue pase el tren | |
| 505 | 0 |
_tNanas _tRondas, canciones y rimas de juegos _tCoplas _tRetahílas _tAdivinanzas |
|
| 520 | _aDe canciones, nanas, retahílas, trabalenguas y adivinanzas de la tradición oral es de lo que está lleno El libro de Antón Pirulero, inagotable en la riqueza musical y rítmica de sus textos, y por tanto también en sus posibilidades de juego, donde las rondas y bailes se hacen acompañamiento indispensable a la hora de recitar La pájara pinta o La virgen de la cueva | ||
| 521 | 1 | _aRecomendado para un público infantil mayor de 6 años | |
| 650 | 0 | 7 |
_aAdivinanzas _2LEMB _9960 |
| 650 | 0 | 7 |
_aCanciones de cuna _2lemb _91027 |
| 650 | 0 | 7 |
_aJuegos _2lemb |
| 650 | 0 | 4 |
_aPoesía infantil colombiana _2LEMB _9943 |
| 650 | 0 | 4 |
_aLiteratura infantil colombiana _2LEMB _934 |
| 700 |
_aAndricaín, Sergio, _d1956- _ewfw |
||
| 700 | 1 |
_aDa Coll, Ivar _d1962- _eill _92446 |
|
| 700 | 1 |
_aRodríguez, Antonio Orlando, _d1956- _ewfw _92660 |
|
| 830 | 0 |
_aColección para la Primera Infancia del Ministerio de Cultura, Plan Nacional de Lectura y Escritura Leer es mi cuento, Primera Infancia 2011 _962158 |
|
| 942 |
_2loc _cBKLITI |
||
| 999 |
_c58521 _d58521 |
||